Stres v pracovnom prostredí bakalárska práca

Enregistré dans:
Détails bibliographiques
Auteur principal: Varmužová, Veronika
Collectivité auteur: Fakulta podnikového manažmentu EU. Katedra manažmentu
Autres auteurs: Matkovčíková, Natália, 1982-
Format: Livre
Langue:slovaque
Publié: Bratislava 2022
Tags: Ajouter un tag
Pas de tags, Soyez le premier à ajouter un tag!

MARC

LEADER 00000nbm a2200000 4500
001 0285421
005 20230322101011.3
041 0 |a slo 
044 |a SK 
245 1 0 |a Stres v pracovnom prostredí  |b bakalárska práca  |c Veronika Varmužová ; školiteľ: Natália Matkovčíková 
264 1 |a Bratislava  |c 2022 
300 |a 46 s. 
100 1 |a Varmužová, Veronika 
700 1 |a Matkovčíková, Natália, 1982- 
710 2 |a Fakulta podnikového manažmentu EU. Katedra manažmentu